Entrepreneurship under conditions of knowledge based economy
Pojem znalostná ekonomika. Čo sú to vedomosti, ako ich definovať, čo znamenajú pre spoločnosť, pre systém vzdelávania, pre trh a určite pre konkurencieschopnosť firiem, ako ovplyvňujú riadenie, ako ich možno merať. Niektoré kritériá merania.
Gespeichert in:
| 1. Verfasser: | |
|---|---|
| Weitere Verfasser: | |
| Format: | Buchkapitel |
| Sprache: | Englisch |
| Schlagworte: | |
| Tags: |
Keine Tags, Fügen Sie das erste Tag hinzu!
|
MARC
| LEADER | 00000nla$a2200000$$$4500 | ||
|---|---|---|---|
| 001 | 0114155 | ||
| 005 | 20240502072254.2 | ||
| 041 | 0 | |a eng | |
| 044 | |a SK | ||
| 245 | 1 | 0 | |a Entrepreneurship under conditions of knowledge based economy |c Eleonora Fendeková, Georg Brüderl |
| 520 | |a Pojem znalostná ekonomika. Čo sú to vedomosti, ako ich definovať, čo znamenajú pre spoločnosť, pre systém vzdelávania, pre trh a určite pre konkurencieschopnosť firiem, ako ovplyvňujú riadenie, ako ich možno merať. Niektoré kritériá merania. | ||
| 610 | 2 | 0 | |a spoločnosť vedomostná |
| 610 | 2 | 0 | |a ekonomika vedomostná |
| 610 | 2 | 0 | |a vedomosti |
| 610 | 2 | 0 | |a pojmy |
| 610 | 2 | 0 | |a riadenie znalostí |
| 100 | 1 | |a Fendeková, Eleonora, 1952- | |
| 700 | 1 | |a Brüderl, Georg | |